• 首页
  • 本馆介绍
  • 公告通知
  • 最新文献
  • 馆藏检索
  • 电子资源
  • 读者导购
  • 参考咨询
  • 我的图书馆
  • 登录
  • 详细信息显示
  • 放入我的书架
  • 预约/预借图书
  • 作者相关作品
  • 分类相关作品
  • 丛书相关作品
  • 出版社相关作品

书目信息

  • 表格格式
  • 工作单格式
  • 卡片格式
题名:
金戈铁马繁花落
    
 
作者: 张程 著
分册:  
出版信息: 北京   群言出版社  2015.09
页数: 360页
开本: 23cm
丛书名:
单 册:
中图分类: K239.09
科图分类:
主题词: 南北朝时代--古代史--通俗读物
电子资源:
ISBN: 978-7-80256-793-1
000 00898nam0 2200253 450
001 0120151647293
005 20161026100745.75
010    @a978-7-80256-793-1@dCNY38.00
100    @a20151009d2015 em y0chiy50 ea
101 0  @achi
102    @aCN@b110000
105    @ay z 000yy
106    @ar
200 1  @a金戈铁马繁花落@9jin ge tie ma fan hua luo@e南北朝的动荡年代@f张程著
210    @a北京@c群言出版社@d2015.09
215    @a360页@d23cm
330    @a本书再现了5到6世纪,中国从南北对峙、东西分裂,到最终走向统一的历史。主要内容包括:主角是这样炼成的;拔跋焘的赫赫武功;最后一个史官:崔浩;成也太后:千古一后冯太后等。
333    @a历史爱好者
517 1  @a南北朝的动荡年代@9nan bei chao de dong dang nian dai
606 0  @a南北朝时代@x古代史@j通俗读物
690    @aK239.09@v5
701  0 @a张程@9zhang cheng@4著
801  0 @aCN@b人天书店@c20151009
905    @b880688-93@dK239.09@e60@f6
    
    金戈铁马繁花落:南北朝的动荡年代/张程著.-北京:群言出版社,2015.09
    360页;23cm
    使用对象:历史爱好者
    
    ISBN 978-7-80256-793-1:CNY38.00
    本书再现了5到6世纪,中国从南北对峙、东西分裂,到最终走向统一的历史。主要内容包括:主角是这样炼成的;拔跋焘的赫赫武功;最后一个史官:崔浩;成也太后:千古一后冯太后等。
●
相关链接 在E读中查询图书 在五车中查询图书 在当当中查询图书 在豆瓣中查询图书


正题名:金戈铁马繁花落     索取号:K239.09/60         预约/预借

序号 登录号 条形码 馆藏地/架位号 状态 备注
1 880688   208806880   第二样本阅览室/ [索取号:K239.09/60] 在馆    
2 880689   208806899   教育系资料室/ [索取号:K239.09/60] 在馆    
3 880690   208806906   教育系资料室/ [索取号:K239.09/60] 在馆    
4 880691   208806915   教育系资料室/ [索取号:K239.09/60] 在馆    
5 880692   208806924   第二借阅区/ [索取号:K239.09/60] 在馆    
6 880693   208806933   第二借阅区/ [索取号:K239.09/60] 在馆    
唐山师范学院图书馆 欢迎您!
大连网信软件有限公司© 版权所有